French colonialism in tropical Africa, 1900-1945 /

Bibliographic Details
Main Author: Suret-Canale, Jean
Format: Book
Language:English
French
Published: London : C. Hurst, 1971.
Subjects:

MARC

Tag First Indicator Second Indicator Subfields
LEADER 00000cam a2200000 4500
001 in00000282911
005 20151010090857.0
008 720118s1971 enkb b 00100 eng
010 |a  75879075  
015 |a B71-22502 
035 |a (OCoLC)00238699 
035 |9 ABG4919AM 
037 |c 6.00 
040 |a DLC  |c DLC  |d TXA  |d UtOrBLW 
041 1 |a eng  |a fre 
043 |a e-fr---  |a f------ 
049 |a TXAM  |c [955121] 
050 0 0 |a DT33  |b .S9533 1971b 
082 0 |a 325.3/44/0966 
100 1 |a Suret-Canale, Jean. 
245 1 0 |a French colonialism in tropical Africa, 1900-1945 /  |c translated from the French by Till Gottheiner. 
264 1 |a London :  |b C. Hurst,  |c 1971. 
300 |a xvii, 521 pages :  |b maps. ;  |c 23 cm. 
336 |a text  |b txt  |2 rdacontent 
337 |a unmediated  |b n  |2 rdamedia 
338 |a volume  |b nc  |2 rdacarrier 
500 |a Translation of L'ere coloniale (1900-1945), volume 2 of Afrique noire, occidentale et centrale. 
504 |a Bibliography: pages 491-507. 
651 0 |a France  |x Colonies  |z Africa. 
999 |a MARS 
999 f f |s 05aa8a51-3ed9-39ce-94c0-57b15163d72e  |i 95e38452-77f9-39a9-a667-3ac8347cadd9  |t 0 
952 f f |p ric  |a Texas A&M University  |b Rellis Campus  |c Joint Library Facility  |d Remote Storage  |t 0  |e DT33 .S9533 1971b  |h Library of Congress classification  |i unmediated -- volume  |m A14802085516 
998 f f |a DT33 .S9533 1971b  |t 0  |l Remote Storage